Valéry : l´ecrivain classique

Sábháilte in:
Sonraí bibleagrafaíochta
Príomhchruthaitheoir: Michel, Pierre
Formáid: LEABHAR
Teanga:Undetermined
Foilsithe / Cruthaithe: París, Francia Foucher 1969
Ábhair:
Clibeanna: Cuir clib leis
Níl clibeanna ann, Bí ar an gcéad duine le clib a chur leis an taifead seo!

MARC

LEADER 00000nam a2200000Ia 4500
008 170316s9999 xx 000 0 und d
040 |a cru BVZT 
090 |a C-840 M-6va 
100 |a Michel, Pierre 
245 |a Valéry : l´ecrivain classique 
260 |a París, Francia 
260 |b Foucher 
260 |c 1969 
300 |a 64 páginas 
650 |a LITERATURA FRANCESA 
650 |a CRÍTICA 
999 |c 13006  |d 13006 
942 |c 15 D  |h C-840 M-6va  |2 z